00340nam a22001337a 4500003000400000008004100004020001800045082001400063100002000077245005300097250001100150260003600161300000900197OSt260324b |||||||| |||| 00| 0 eng d a9798885752084 a181.4 CHT aCHATURVEDI,Ajay aTime Kala Darsana Building Blocks of Time Vol. 1 a1st Ed aGurugrambGaruda Prakashanc202 a317p